<?xml version="1.0" encoding="UTF-8"?><?xml-stylesheet type="text/xsl" href="static/style.xsl"?><OAI-PMH xmlns="http://www.openarchives.org/OAI/2.0/" xmlns:xsi="http://www.w3.org/2001/XMLSchema-instance" xsi:schemaLocation="http://www.openarchives.org/OAI/2.0/ http://www.openarchives.org/OAI/2.0/OAI-PMH.xsd"><responseDate>2026-06-29T02:34:11Z</responseDate><request verb="GetRecord" identifier="oai:docta.ucm.es:20.500.14352/126361" metadataPrefix="marc">https://docta.ucm.es/rest/oai/request</request><GetRecord><record><header><identifier>oai:docta.ucm.es:20.500.14352/126361</identifier><datestamp>2025-11-24T09:23:19Z</datestamp><setSpec>com_20.500.14352_14</setSpec><setSpec>col_20.500.14352_15</setSpec></header><metadata><record xmlns="http://www.loc.gov/MARC21/slim" xmlns:dcterms="http://purl.org/dc/terms/" xmlns:xsi="http://www.w3.org/2001/XMLSchema-instance" xmlns:doc="http://www.lyncode.com/xoai" xsi:schemaLocation="http://www.loc.gov/MARC21/slim http://www.loc.gov/standards/marcxml/schema/MARC21slim.xsd">
   <leader>00925njm 22002777a 4500</leader>
   <datafield ind2=" " ind1=" " tag="042">
      <subfield code="a">dc</subfield>
   </datafield>
   <datafield ind2=" " ind1=" " tag="720">
      <subfield code="a">Liu, Aiping</subfield>
      <subfield code="e">author</subfield>
   </datafield>
   <datafield ind2=" " ind1=" " tag="720">
      <subfield code="a">Urquía Grande, María Elena</subfield>
      <subfield code="e">author</subfield>
   </datafield>
   <datafield ind2=" " ind1=" " tag="720">
      <subfield code="a">López Sánchez, Pilar</subfield>
      <subfield code="e">author</subfield>
   </datafield>
   <datafield ind2=" " ind1=" " tag="720">
      <subfield code="a">Rodríguez López, Ángel</subfield>
      <subfield code="e">author</subfield>
   </datafield>
   <datafield ind2=" " ind1=" " tag="260">
      <subfield code="c">2024-05-01</subfield>
   </datafield>
   <datafield ind2=" " ind1=" " tag="520">
      <subfield code="a">This study systematically explores how customer value derived from gamification influences customer citizenship behavior within the microfinance sector. To validate our theoretical framework, we conducted an online survey targeting users of microfinance platforms in China. Subsequently, the partial least squares-structural equation modeling (PLS-SEM) analysis was performed on 405 valid responses. The analysis reveals that functional and social values positively impact satisfaction, while emotional and monetary values do not exhibit a significant relationship with satisfaction. Additionally, satisfaction is positively associated with helpfulness, feedback, tolerance, and advocacy. More importantly, this study confirms the mediating role of satisfaction in the relationships between functional value, social value, and customer citizenship behavior. These insights offer valuable implications for microfinance platforms and the finance industry in improving user experience, fostering customer loyalty, and maximizing the value creation potential of customers.</subfield>
   </datafield>
   <datafield ind1="8" ind2=" " tag="024">
      <subfield code="a">Liu, A., Urquía-Grande, E., López-Sánchez, P., &amp; Rodríguez-López, Á. (2024). The role of gamification in customer citizenship behavior on China’s microfinance platforms. Finance Research Letters, 63, 105359. https://doi.org/10.1016/j.frl.2024.105359</subfield>
   </datafield>
   <datafield ind1="8" ind2=" " tag="024">
      <subfield code="a">1544-6123</subfield>
   </datafield>
   <datafield ind1="8" ind2=" " tag="024">
      <subfield code="a">10.1016/j.frl.2024.105359</subfield>
   </datafield>
   <datafield ind1="8" ind2=" " tag="024">
      <subfield code="a">https://hdl.handle.net/20.500.14352/126361</subfield>
   </datafield>
   <datafield ind1="8" ind2=" " tag="024">
      <subfield code="a">https://doi.org/10.1016/j.frl.2024.105359</subfield>
   </datafield>
   <datafield ind2="0" ind1="0" tag="245">
      <subfield code="a">The role of gamification in customer citizenship behavior on China's microfinance platforms</subfield>
   </datafield>
</record></metadata></record></GetRecord></OAI-PMH>